header

The organization man (Record no. 219224)

MARC details
000 -LEADER
fixed length control field 01321nam a2200349Ia 4500
082 04 - DEWEY DECIMAL CLASSIFICATION NUMBER
Classification number 302.3/5
100 1# - MAIN ENTRY--AUTHOR NAME
Personal name Whyte, William Hollingsworth.
245 14 - TITLE STATEMENT
Title The organization man
260 ## - PUBLICATION, DISTRIBUTION, ETC. (IMPRINT)
Place of publication Philadelphia :
Name of publisher University of Pennsylvania Press,
Year of publication 2002.
300 ## - PHYSICAL DESCRIPTION
Number of Pages xvi, 429 p.
500 ## - GENERAL NOTE
General note Originally published: New York : Simon & Schuster, 1956. With new foreword.
General note Includes index.
650 #0 - SUBJECT ADDED ENTRY--TOPICAL TERM
Topical Term Individuality.
Topical Term Organizational commitment.
Topical Term Loyalty.
856 40 - ELECTRONIC LOCATION AND ACCESS
Uniform Resource Identifier http://site.ebrary.com/lib/rucke/Doc?id=10748614

No items available.

© 2026 Rongo University
Contact us: librarian | system librarian | Rongo university